The Prince and the Sufi : The Judeo-Persian Rendition of the Buddha Biographies /

The Prince and the Sufi is the literary composition of the seventeenth-century Judeo-Persian poet Elisha ben Shmūel. In The Prince and the Sufi: The Judeo-Persian Rendition of the Buddha Biographies , Dalia Yasharpour provides a thorough analysis of this popular work to show how the Buddha's li...

وصف كامل

محفوظ في:

المؤلف الرئيسي: Yasharpour, Dalia (مؤلف)

التنسيق: كتاب الكتروني

اللغة: English

منشور في: Leiden; Boston : BRILL, 2021.

سلاسل: The Brill Reference Library of Judaism ; 62.
Religious Studies, Theology and Philosophy E-Books Online, Collection 2020, ISBN: 9789004419094.

الموضوعات:

الوصول للمادة أونلاين: Login to view Source

الوسوم: إضافة وسم

لا توجد وسوم, كن أول من يضع وسما على هذه التسجيلة!

رقم الطلب: BM71

LEADER 02621nam a22004811i 4500
001 BRILL9789004442757
003 nllekb
005 20210602103650.0
006 m d
007 cr un uuuua
008 200813s2021 ne sb 001 0 eng d
020 |a 9789004442757  |q (electronic book) 
020 |a 9789004442740  |q (print) 
024 7 |a 10.1163/9789004442757  |2 DOI 
035 |z (OCoLC)1178892930 
040 |a NL-LeKB  |c NL-LeKB  |e rda 
050 4 |a BM71 
072 7 |a HRJP  |2 bicssc 
072 7 |a REL  |x 040010  |2 bisacsh 
082 0 4 |a 296.071  |2 23 
100 1 |a Yasharpour, Dalia,  |e author. 
245 1 4 |a The Prince and the Sufi :  |b The Judeo-Persian Rendition of the Buddha Biographies /  |c Dalia Yasharpour. 
246 3 |a The Judeo-Persian Rendition of the Buddha Biographies 
264 1 |a Leiden;   |a Boston :  |b BRILL,   |c 2021. 
300 |a 1 online resource. 
336 |a text  |b txt  |2 rdacontent 
337 |a computer  |b c  |2 rdamedia 
338 |a online resource  |2 rdacarrier 
490 1 |a The Brill Reference Library of Judaism ;  |v 62 
490 1 |a Religious Studies, Theology and Philosophy E-Books Online, Collection 2020, ISBN: 9789004419094 
504 |a Includes bibliographical references and index. 
520 |a The Prince and the Sufi is the literary composition of the seventeenth-century Judeo-Persian poet Elisha ben Shmūel. In The Prince and the Sufi: The Judeo-Persian Rendition of the Buddha Biographies , Dalia Yasharpour provides a thorough analysis of this popular work to show how the Buddha's life story has undergone substantial transformation with the use of Jewish, Judeo-Persian and Persian-Islamic sources. The complete annotated edition of the text and the corresponding English translation are thorough and insightful. This scholarly study makes available to readers an important branch in the genealogical tree of the Buddha Biographies. 
588 |a Description based on print version record. 
650 0 |a Jews  |x Study and teaching (Higher) 
650 0 |a Judaism  |x Study and teaching (Higher) 
650 0 |a Jews in literature. 
776 0 8 |i Print version:  |t The Prince and the Sufi : The Judeo-Persian Rendition of the Buddha Biographies,   |d Leiden ; Boston : BRILL, 2021  |z 9789004442740 
830 0 |a The Brill Reference Library of Judaism ;  |v 62. 
830 0 |a Religious Studies, Theology and Philosophy E-Books Online, Collection 2020, ISBN: 9789004419094. 
856 4 |z DOI:   |u http://dx.doi.org/10.1163/9789004442757 
942 |c EBOOK 
952 |0 0  |1 0  |4 0  |7 1  |9 15356  |a BRILL  |b BRILL  |d 2021-06-02  |l 0  |r 2021-06-02 00:00:00  |w 2021-06-02  |y EBOOK 
999 |c 36803  |d 36803